<?xml version="1.0" encoding="UTF-8"?>
<record
    xmlns:xsi="http://www.w3.org/2001/XMLSchema-instance"
    xsi:schemaLocation="http://www.loc.gov/MARC21/slim http://www.loc.gov/standards/marcxml/schema/MARC21slim.xsd"
    xmlns="http://www.loc.gov/MARC21/slim">

  <leader>02378nam a22001937a 4500</leader>
  <controlfield tag="008">150129b        xxu||||| |||| 00| 0 eng d</controlfield>
  <datafield tag="020" ind1=" " ind2=" ">
    <subfield code="a">9780495599289</subfield>
  </datafield>
  <datafield tag="050" ind1=" " ind2=" ">
    <subfield code="a">KF9660.G368</subfield>
  </datafield>
  <datafield tag="100" ind1=" " ind2=" ">
    <subfield code="a">Gardner, Thomas J.</subfield>
  </datafield>
  <datafield tag="245" ind1=" " ind2=" ">
    <subfield code="a">Criminal evidence:</subfield>
    <subfield code="b">principles and cases. /</subfield>
    <subfield code="c">Thomas J.Gardner &amp; Terry M. Andrson</subfield>
  </datafield>
  <datafield tag="250" ind1=" " ind2=" ">
    <subfield code="a">7th ed.</subfield>
  </datafield>
  <datafield tag="260" ind1=" " ind2=" ">
    <subfield code="a">Australia: </subfield>
    <subfield code="b">Cengage Learning, </subfield>
    <subfield code="c">2010.</subfield>
  </datafield>
  <datafield tag="300" ind1=" " ind2=" ">
    <subfield code="a">xxx,458p.:</subfield>
    <subfield code="b">ills,</subfield>
    <subfield code="c">25cm.</subfield>
  </datafield>
  <datafield tag="500" ind1=" " ind2=" ">
    <subfield code="a">Include index.</subfield>
  </datafield>
  <datafield tag="505" ind1=" " ind2=" ">
    <subfield code="a">Contents: Introduction to criminal evidence: History and development of the Law of criminal evidence -- Important aspects of the American criminal evidence justice system -- using evidence to determine guilt or innocence -- Direct and circumstantial evidence and the use of inferences -- Witnesses and their testimony: Witnesses and he testimony of witnesses --  Judicial notice, privileges of witnesses and shield laws -- The Use of hearsay in the court room -- Exceptions to the hearsay rule -- When evidence cannot be used because of police mistake or misconduct: The Exclusionary rule -- Where the exclusionary rule does not apply -- Evidence is admissible if obtained during an administrative function under the "special needs" of government -- Obtaining statements and confessions for use as evidence -- The Law governing identification evidence -- Obtaining physical and other evidence -- Crime- scene, documentary and scientific evidence: The Crime scene, the chain of custody requirement and the use of fingerprints and trace evidence -- Videotapes, photographs, documents and writings as evidence -- Scientific evidence                                                                                                                                                                                                                                                                                                                                                                                                                                                                                                                                                                                                                                                                                                                                </subfield>
  </datafield>
  <datafield tag="650" ind1=" " ind2=" ">
    <subfield code="a">law</subfield>
  </datafield>
  <datafield tag="700" ind1=" " ind2=" ">
    <subfield code="a">Anderson, Terry M. </subfield>
  </datafield>
  <datafield tag="942" ind1=" " ind2=" ">
    <subfield code="2">lcc</subfield>
    <subfield code="c">BK</subfield>
  </datafield>
  <datafield tag="999" ind1=" " ind2=" ">
    <subfield code="c">5326</subfield>
    <subfield code="d">12826</subfield>
  </datafield>
  <datafield tag="952" ind1=" " ind2=" ">
    <subfield code="0">0</subfield>
    <subfield code="1">0</subfield>
    <subfield code="2">lcc</subfield>
    <subfield code="4">0</subfield>
    <subfield code="7">0</subfield>
    <subfield code="a">WIUC-1</subfield>
    <subfield code="b">WIUC-1</subfield>
    <subfield code="c">LL</subfield>
    <subfield code="d">2015-01-29</subfield>
    <subfield code="l">0</subfield>
    <subfield code="o">KF9660G368</subfield>
    <subfield code="p">2468/1465/15</subfield>
    <subfield code="r">2015-01-29 00:00:00</subfield>
    <subfield code="t">1</subfield>
    <subfield code="w">2015-01-29</subfield>
    <subfield code="y">BK</subfield>
  </datafield>
</record>
